| 000 | 02246nam0a2200445 4500 | ||
|---|---|---|---|
| 001 | RU\NLR\BIBL_A\021952686 | ||
| 005 | 20260407082236.0 | ||
| 010 |
_a978-5-89076-200-9 _9500 |
||
| 035 | _a(NLR Aleph) 021952686 | ||
| 090 |
_a13216714 _c13216714 |
||
| 100 | _a20230601d2012 |||y0rusy50 ca | ||
| 101 | 0 |
_arus _aeng |
|
| 102 | _aRU | ||
| 105 | _aacb b 000zy | ||
| 181 | 0 |
_ai3 _baxxe |
|
| 181 | 0 |
_ab2 _bxb2e |
|
| 182 | 0 | _an | |
| 200 | 1 |
_aНаграды Наполеона I в собрании Исторического музея _dDecorations of Napoleon I in the Collection of the State Historical Museum _e[каталог] _fСергей Левин _gГосударственный исторический музей _zeng |
|
| 203 |
_aТекст _aИзображение _bвизуальные _cнепосредственные |
||
| 210 |
_aМосква _cГИМ _d2012 |
||
| 215 |
_a95 с. _cил., цв. ил., портр., карта _d31 |
||
| 300 | _aНа обл. авт. не указан | ||
| 300 | _aЧасть текста парал.: рус., англ. | ||
| 320 | _aБиблиогр. в подстроч. примеч. | ||
| 510 | 1 |
_6z11790 _aDecorations of Napoleon I in the Collection of the State Historical Museum _zeng |
|
| 600 | 0 |
_aНаполеон _cимператор французский _dI _f1769 - 1821 _9897604 _3RU\NLR\AUTH\66325834 |
|
| 606 | 1 |
_aОрдена и награды _jКаталоги _yФранция _92556439 _3RU\NLR\AUTH\6601725139 |
|
| 606 | 1 |
_aОрдена и награды _jКаталоги _yЕвропейские страны _92609878 _3RU\NLR\AUTH\661546436 |
|
| 686 | 1 | _aТ226(0)5л611 | |
| 686 | 1 | _aТ226(4Фр)л611 | |
| 686 | 1 | _aТ3(4Фр)512-8 | |
| 686 | 1 | _aЦ35(0)52-424дНаполеон | |
| 700 | 1 |
_8rus _7ca _aЛевин _bС. С. _cканд. ист. наук _gСергей Семенович _3RU\NLR\AUTH\7726802 _99840 |
|
| 711 | 0 | 2 |
_aГосударственный исторический музей _cМосква _3RU\NLR\AUTH\888178 _9288698 |
| 790 | 1 |
_7ba _8rus _aLevin _bS. S. _cканд. ист. наук _gSergej Semenovič _9256671 _3RU\NLR\AUTH\770256727 |
|
| 942 | _cBOOK | ||
| 980 | _aNB | ||